Zmeny v správe daní
Dôvody na novelizáciu daňového poriadku. Zmeny, ktoré nastali v súvislosti s poskytovaním údajov správcovi dane.
Salvato in:
| Autore principale: | |
|---|---|
| Natura: | Capitolo di libro |
| Lingua: | slovacco |
| Soggetti: | |
| Tags: |
Nessun Tag, puoi essere il primo ad aggiungerne!!
|
MARC
| LEADER | 00000naa a2200000 4500 | ||
|---|---|---|---|
| 001 | 0213950 | ||
| 005 | 20231120130952.0 | ||
| 041 | 0 | |a slo | |
| 044 | |a SK | ||
| 245 | 1 | 0 | |a Zmeny v správe daní |c Katarína Slaninková |
| 520 | |a Dôvody na novelizáciu daňového poriadku. Zmeny, ktoré nastali v súvislosti s poskytovaním údajov správcovi dane. | ||
| 610 | 2 | 0 | |a správa daňová |
| 610 | 2 | 0 | |a informácie |
| 610 | 2 | 0 | |a poriadok daňový |
| 610 | 2 | 0 | |a zákony |
| 610 | 2 | 0 | |a Slovensko |
| 610 | 2 | 0 | |a tajomstvo daňové |
| 100 | 1 | |a Slaninková, Katarína | |